|
|
|
|
| LEADER |
00000cam a2200000 i 4500 |
| 001 |
1/96997 |
| 008 |
081110r2007 gr | ||| |||| ||gre|| |
| 020 |
|
|
|a 9789602104736
|
| 035 |
|
|
|l 10101550
|
| 040 |
|
|
|a GR-MyUA
|b gre
|e AACR2
|
| 041 |
0 |
|
|a gre
|
| 082 |
0 |
|
|a 398.09495
|2 (22)
|
| 100 |
1 |
|
|a Μερακλής, Μιχάλης Γ.,
|d 1932-
|
| 245 |
1 |
0 |
|a Ελληνική λαογραφία :
|b κοινωνική συγκρότηση, ήθη και έθιμα, λαϊκή τέχνη /
|c Μιχάλης Γ. Μερακλής.
|
| 250 |
|
|
|a 2η έκδ.
|
| 260 |
|
|
|a Αθήνα :
|b Οδυσσέας,
|c 2007.
|
| 300 |
|
|
|a 632 σ. ;
|c 21 εκ.
|
| 500 |
|
|
|a Το Παράρτημα Σάμου διαθέτει την 2η έκδοση, ανατύπωση 2009.
|
| 504 |
|
|
|a Περιλαμβάνει βιβλιογραφικές παραπομπές και ευρετήριο.
|
| 650 |
0 |
0 |
|a Folklore
|z Greece.
|
| 650 |
0 |
0 |
|a Folk art
|z Greece.
|
| 651 |
|
0 |
|a Greece
|x Social life and customs.
|
| 852 |
|
|
|a INST
|b LESVOS
|e 20081110
|h 398.09495 ΜΕΡ
|p 005100043447
|q 005100043447
|t BK
|y 0
|
| 852 |
|
|
|a INST
|b LESVOS
|e 20090427
|h 398.09495 ΜΕΡ
|p 005100044880
|q 005100044880
|t BK
|y 0
|
| 852 |
|
|
|a INST
|b LESVOS
|e 20101130
|h 398.09495 ΜΕΡ
|p 005100049539
|q 005100049539
|t BK
|y 0
|
| 852 |
|
|
|a INST
|b LESVOS
|e 20101130
|h 398.09495 ΜΕΡ
|p 005100049540
|q 005100049540
|t BK
|y 0
|
| 852 |
|
|
|a INST
|b LESVOS
|e 20101130
|h 398.09495 ΜΕΡ
|p 005100049541
|q 005100049541
|t BK
|y 0
|
| 852 |
|
|
|a INST
|b SAMOS
|e 20110915
|h 398.09495 ΜΕΡ
|p 005300032522
|q 005300032522
|t BK
|y 0
|
| 901 |
|
|
|a BIBL3-2011-3
|
| 901 |
|
|
|a BIBL1-2008-3
|
| 901 |
|
|
|a BIBL1-2009-1
|
| 901 |
|
|
|a BIBL1-2010-3
|
| 909 |
|
|
|a Σ
|b 167315
|
| 909 |
|
|
|a Λ
|b 156191
|
| 909 |
|
|
|a Λ
|b 157736
|
| 909 |
|
|
|a Λ
|b 165047
|
| 909 |
|
|
|a Λ
|b 165048
|
| 909 |
|
|
|a Λ
|b 165049
|
| 920 |
|
|
|a ΦΟΙΤΗΤΙΚΗ ΜΕΡΙΜΝΑ
|y Λέσβος
|z 2008-11
|
| 920 |
|
|
|a ΦΟΙΤΗΤΙΚΗ ΜΕΡΙΜΝΑ
|y Λέσβος
|z 2008-03
|
| 970 |
|
|
|a ΚΑΡΑ
|b ΓΙΑΣΕΜΗ
|z 2008/11/10
|